000 00411nam a2200169Ia 4500
008 220524s9999 xx 000 0 und d
020 _a8190259423
041 _aeng
082 _a746.1
100 _aDedia Ella.
_97654
245 _aAjrakh : Impressions And Expressions
260 _bColour Publications Pvt. Ltd.-Mumbai
_c2008
300 _a96
650 _aDyeing
_97655
906 _a1238
999 _c7463
_d7463